Physiological changes and shelf life of litchi as influenced by various post-harvest management / (Record no. 15191)

MARC details
000 -LEADER
fixed length control field 00909nam a22002417a 4500
003 - CONTROL NUMBER IDENTIFIER
control field BD-DhSAU
005 - DATE AND TIME OF LATEST TRANSACTION
control field 20210916120046.0
008 - FIXED-LENGTH DATA ELEMENTS--GENERAL INFORMATION
fixed length control field 210916b xxu||||| |||| 00| 0 eng d
040 ## - CATALOGING SOURCE
Original cataloging agency BD-DhSAU
082 ## - DEWEY DECIMAL CLASSIFICATION NUMBER
Edition number 22
Classification number 635
Item number Ak79
100 ## - MAIN ENTRY--PERSONAL NAME
Personal name AKTER, MST. SHARMIN
Relator term REG. NO. #17-08184
245 ## - TITLE STATEMENT
Title Physiological changes and shelf life of litchi as influenced by various post-harvest management /
Remainder of title Ms Thesis
260 ## - PUBLICATION, DISTRIBUTION, ETC. (IMPRINT)
Place of publication, distribution, etc. Department of Horticulture;
Name of publisher, distributor, etc. Sher-e-Bangla Agricultural University, Dhaka-1207;
Date of publication, distribution, etc. 2018
300 ## - PHYSICAL DESCRIPTION
Extent xi.; 92p.;
Dimensions 30cm.;
590 ## - Name of Cataloguer
Name of Cataloger nazmul
610 ## - SUBJECT ADDED ENTRY--CORPORATE NAME
Corporate name or jurisdiction name as entry element Physiological changes
650 ## - SUBJECT ADDED ENTRY--TOPICAL TERM
Topical term or geographic name as entry element shelf life
651 ## - SUBJECT ADDED ENTRY--GEOGRAPHIC NAME
Geographic name various post-harvest management /
700 ## - ADDED ENTRY--PERSONAL NAME
Personal name Prof. Md. Ruhul Amin
Relator term Supervisor
710 ## - ADDED ENTRY--CORPORATE NAME
Corporate name or jurisdiction name as entry element Prof. Dr. Md. Nazrul Islam
Relator term Co-Supervisor
856 ## - ELECTRONIC LOCATION AND ACCESS
Link text http://archive.saulibrary.edu.bd:8080/xmlui/handle/123456789/3031
Host name Onlen access
942 ## - ADDED ENTRY ELEMENTS (KOHA)
Source of classification or shelving scheme Dewey Decimal Classification
Koha item type MS Level Thesis
Holdings
Withdrawn status Lost status Source of classification or shelving scheme Damaged status Not for loan Home library Branch Name Shelving location Date acquired Total Checkouts Full call number Barcode Date last seen Price effective from Koha item type
    Dewey Decimal Classification   Not For Loan SAU Library SAU Library Reference 16/09/2021   635 Ak79 41644 16/09/2021 16/09/2021 MS Level Thesis